| 000 | 00514cam a2200193Ia 4500 | ||
|---|---|---|---|
| 020 | _a1561343552 | ||
| 040 | _cUII | ||
| 082 | _a333 DUS 1995 A108 Or. | ||
| 245 | 0 | 0 | _aEnvironment 95/96 / |
| 250 | _a14th ed | ||
| 260 |
_aGuilford, Conn. : _bDushkin Pub. Group, _cc1995 |
||
| 300 |
_a272 p. : _bill. ; _c28 cm |
||
| 500 | _aIncludes bibliographical references and index | ||
| 650 | 0 | _aEnvironmental protection | |
| 650 | 0 | _aNature conservation | |
| 650 | 0 | _aEcology | |
| 700 | 1 | _aAllen, John L | |
| 942 | _cEK | ||
| 999 |
_c16624 _d16624 |
||